|
|
|
|
| LEADER |
01275nam a2200301 a 4500 |
| 001 |
30068 |
| 003 |
BD-DhAAL |
| 005 |
20151103094335.0 |
| 008 |
151103s2007 ii b 001 0 eng |
| 010 |
|
|
|a 2006453140
|
| 020 |
|
|
|a 8178241625
|
| 020 |
|
|
|a 8178242214
|
| 040 |
|
|
|a DLC
|c DLC
|d BD-DhAAL
|
| 050 |
0 |
0 |
|a DS485.M28
|b P365 2007
|
| 082 |
0 |
0 |
|2 21
|a 954.04092
|
| 100 |
1 |
|
|a Pandian, M. S. S.
|9 15937
|
| 245 |
1 |
0 |
|a Brahmin and non-Brahmin :
|b genealogies of the Tamil political present /
|c M.S.S. Pandian.
|
| 246 |
1 |
8 |
|a Brahmin & non-Brahmin
|
| 260 |
|
|
|a Delhi :
|b Permanent Black,
|c 2007.
|
| 300 |
|
|
|a xi, 274 p. ;
|c 22 cm.
|
| 504 |
|
|
|a Includes bibliographical references (p. [246]-258) and index.
|
| 541 |
|
|
|e 30068
|
| 651 |
|
0 |
|a Tamil Nadu (India)
|x Politics and government
|y 20th century.
|9 15938
|
| 651 |
|
0 |
|a Caste
|z India
|z Tamil Nadu.
|9 15939
|
| 942 |
|
|
|2 ddc
|c BK
|
| 999 |
|
|
|c 36018
|d 36018
|
| 952 |
|
|
|0 0
|1 0
|2 ddc
|4 0
|6 954_040920000000000_PAN
|7 0
|9 56588
|a BRACUL
|b BRACUL
|c GEN
|d 2015-11-03
|e Karim International
|g 487.00
|l 1
|m 1
|o 954.04092 PAN
|p 3010030068
|r 2026-03-08
|s 2026-03-01
|t 1
|w 2015-11-03
|y BK
|
| 952 |
|
|
|0 0
|1 0
|2 ddc
|4 0
|6 954_040920000000000_PAN
|7 0
|9 56589
|a BRACUL
|b BRACUL
|c GEN
|d 2015-11-03
|e Karim International
|g 487.00
|l 0
|o 954.04092 PAN
|p 3010030069
|r 2015-11-03
|t 2
|w 2015-11-03
|y BK
|